Dinar popular dedicat a les autoritats i honorables personalitats concorrents a l'obertura de curs de l'Escola de Teixits de Punt de Canet de Mar : menú menú
Descripción Física:
1 f. ; 22 x 12 cm
Otros Autores:
Escola de Teixits de Punt de Canet de Mar
MARC
| LEADER | 00000nam a2200000Ia 4500 | ||
|---|---|---|---|
| 001 | 23586 | ||
| 008 | 160829s1932 xx 000 0 cat d | ||
| 080 | |a RF-16-88 | ||
| 245 | |a Dinar popular dedicat a les autoritats i honorables personalitats concorrents a l'obertura de curs de l'Escola de Teixits de Punt de Canet de Mar : |b menú | ||
| 260 | |a Canet de Mar : |b Arts Gràfiques Gelabert, |c 1932 | ||
| 300 | |a 1 f. ; |c 22 x 12 cm | ||
| 590 | |a Núm. de full registral: 4668 | ||
| 610 | 2 | 0 | |a Escola de Teixits de Punt de Canet de Mar |9 53500 |
| 650 | |a Menús |9 47940 | ||
| 700 | |a Escola de Teixits de Punt de Canet de Mar | ||
| 856 | 4 | |u https://media.diba.cat/diba/fitxers/arxiu/fulletons/bib_23586_1932_baixa.pdf |y Accés lliure | |
| 856 | 4 | |u https://media.diba.cat/diba/fitxers/arxiu/fulletons/bib_23586_1932_baixa.pdf |y Accés lliure | |
| 901 | |a Arxiu | ||
| 942 | |n 1 |2 udc | ||
| 952 | |0 0 |1 0 |4 0 |6 RF1688 |7 1 |9 54220 |a Arxiu |b Arxiu |d 2012-08-14 |l 0 |o RF-16-88 |p 23586 |r 2016-12-01 00:00:00 |w 2016-12-01 |y ARXIU | ||
| 999 | |c 58089 |d 58089 | ||
| 900 | |a bib_23586_1932_baixa.pdf | ||